Statistiken für Liedtext - Herz über Kopf - JORIS

Klicken Sie hier um das Quiz zu spielen!

Allgemein

  • Dieses Quiz wurde 293 mal gespielt
  • Das Durchschnittsergebnis liegt bei 204 aus 263

Antwortstatistiken

Textquiz% Korrekt
Herz
99%
Kopf
99%
über
98%
ich
95%
Und
94%
und
94%
Der
92%
es
92%
Es
92%
Geh
92%
wenn
92%
Das
91%
Bleib
90%
zu
90%
geh'n
88%
immer
88%
sagt
88%
Zeit
88%
den
86%
steh'n
86%
schreit
85%
bleibe
83%
wär
82%
war
82%
Moment
80%
ist
76%
Verpass'
76%
du
75%
die
73%
Die
73%
nicht
71%
was
68%
an
66%
lang
65%
Oh
65%
mehr
64%
so
64%
mal
63%
mich
63%
noch
62%
uns
62%
Vergess'
61%
doch
60%
Doch
60%
wie
60%
Hast
58%
schon
57%
angeseh'n
54%
dich
54%
jetzt
53%
geht
51%
Ham'
51%
leer
51%
Viel
51%
viel
51%
Auch
50%
weiß
50%
halb
49%
Lass
49%
oft
49%
genau
48%
versteh'n
48%
am
47%
längst
47%
sich
47%
Wein
47%
denkst
46%
früher
46%
ganz
46%
schwer
46%
versucht
46%
Augen
45%
deine
45%
Zug
44%
grad
43%
kommst
43%
abgefahr'n
42%
Fühlt
42%
näher
42%
treffen
42%
Anfang
41%
Raum
41%
richtig
41%
tanzt
41%
aus
40%
falsch
40%
gesagt
39%
verschenkt
39%
Haare
38%
Trägst
37%
Musik
36%

Verteilung der Resultate

Perzentil nach korrekt beantworteten Fragen

Anzahl Personen mit jedem Resultat

Ihre Resultats-Entwicklung

Sie haben dieses Quiz noch nicht gespielt